Statistics for Cities in Florida with military bases

Click here to take the quiz!

General Stats

  • This quiz has been taken 41 times
  • The average score is 6 of 15

Answer Stats

City% Correct
Jacksonville
95%
Miami
95%
Tampa
92%
Orlando
82%
Pensacola
63%
Key West
61%
Panama City
53%
West Palm Beach
24%
Clearwater
21%
Valparaiso
8%
Brevard
5%
Milton
5%
Starke
5%
Duval
3%
Mary Esther
3%

Score Distribution

Percentile by Number Answered

Percent of People with Each Score

Your Score History

You have not taken this quiz